[Event "NED"]
[Site "NED"]
[Date "1977.??.??"]
[Round "?"]
[White "Korchnoi, Viktor L"]
[Black "Langeweg, Kick"]
[Result "1/2-1/2"]
[WhiteElo "2645"]
[BlackElo "2445"]
[PlyCount "62"]
[EventDate "1977.??.??"]
[Source "www.chesslib.no"]
[SourceDate "2004.05.04"]

1. c4 Nf6 2. Nc3 e6 3. e4 d5 4. cxd5 exd5 5. e5 Ne4 6. Nf3 Nc6 7. Bb5 Bd7 8. O-O a6 9. Be2 Be6 10. d4 Be7 11. Re1 O-O 12. Bd3 f5 13. exf6 Bxf6 14. Bxe4 dxe4 15. Nxe4 Bd5 16. Bf4 Bxe4 17. Rxe4 Qd5 18. Qb3 Qxb3 19. axb3 Rfe8 20. Rae1 Rxe4 21. Rxe4 Rd8 22. Bxc7 Rd5 23. Be5 Nxe5 24. dxe5 Rd1+ 25. Ne1 Be7 26. g3 Rb1 27. Kg2 Rxb2 28. Re3 Bb4 29. e6 Kf8 30. Rf3+ Ke7 31. Nd3 Rxb3 1/2-1/2

[Event "XI Festival"]
[Site "Voronezh RUS"]
[Date "2007.06.16"]
[Round "5"]
[White "Chernyshov, K."]
[Black "Rodin, D."]
[Result "1-0"]
[WhiteElo "2567"]
[BlackElo "2442"]
[PlyCount "89"]
[EventDate "2007.06.12"]
[Source "www.chesslib.no"]
[SourceDate "2004.05.04"]

1. c4 Nf6 2. Nc3 e6 3. e4 d5 4. cxd5 exd5 5. e5 Ne4 6. Nf3 Nc6 7. Bb5 Be7 8. O-O O-O 9. Re1 Bf5 10. d3 Nc5 11. d4 Ne4 12. Be3 Qd7 13. Qb3 a6 14. Bd3 Rfd8 15. Rad1 Nxc3 16. bxc3 Bxd3 17. Rxd3 Qf5 18. Qc2 Na5 19. Bc1 Nc4 20. Qe2 a5 21. Nd2 Nxd2 22. Bxd2 Ra6 23. g4 Rg6 24. h3 Bh4 25. Kf1 Qd7 26. Rf3 Qa4 27. Bc1 b6 28. Kg2 c5 29. Qd3 Qd7 30. Kh2 c4 31. Qf5 Qe6 32. Ba3 b5 33. Rb1 b4 34. cxb4 Qxf5 35. gxf5 Rb6 36. b5 Rdb8 37. Rg1 Bd8 38. f6 g6 39. h4 Bc7 40. h5 Re6 41. hxg6 hxg6 42. Rg5 a4 43. Kg1 Reb6 44. Rg4 Rxb5 45. Rh3 1-0

[Event "Kecskemet"]
[Site "Kecskemet"]
[Date "1991.??.??"]
[Round "6"]
[White "Arkhipov, Sergey"]
[Black "Tolnai, Tibor"]
[Result "1/2-1/2"]
[WhiteElo "2500"]
[BlackElo "2500"]
[PlyCount "75"]
[EventDate "1991.04.??"]
[Source "ChessBase"]

1. c4 Nf6 2. Nc3 e6 3. e4 d5 4. cxd5 exd5 5. e5 Ne4 6. Nf3 Nc6 7. Bb5 Nxc3 8. dxc3 Be7 9. O-O O-O 10. h3 Bf5 11. Re1 a6 12. Bxc6 bxc6 13. Nd4 Bd7 14. Nb3 a5 15. Be3 a4 16. Nc5 Bxc5 17. Bxc5 Re8 18. Qd4 Qb8 19. Ba3 Qb5 20. Rad1 Be6 21. Re3 Qc4 22. Rg3 Rab8 23. Qe3 Bf5 24. Qg5 Bg6 25. f4 c5 26. Re1 f6 27. Qg4 fxe5 28. Rxe5 Rxe5 29. fxe5 Qxg4 30. Rxg4 c4 31. e6 Bf5 32. Rf4 Bxe6 33. Kf2 Bf7 34. Rf3 Bg6 35. Ke3 Be4 36. Rf2 h5 37. g3 Kh7 38. Rf7 1/2-1/2

[Event "ISR-chT"]
[Site "?"]
[Date "2003.03.01"]
[Round "4"]
[White "Murey Jacob"]
[Black "Postny Evgeny"]
[Result "1/2-1/2"]
[WhiteElo "2486"]
[BlackElo "2494"]
[PlyCount "97"]
[EventDate "2003.??.??"]
[Source "www.chesslib.no"]
[SourceDate "2004.05.04"]

1. c4 Nf6 2. Nc3 e6 3. e4 d5 4. cxd5 exd5 5. e5 Ne4 6. Nf3 Nc6 7. Bb5 Bc5 8. O-O O-O 9. d4 Be7 10. Qa4 Nxc3 11. bxc3 Bd7 12. Ba3 Nb8 13. Bxe7 Qxe7 14. Rab1 Bf5 15. Rb2 c6 16. Be2 Bg4 17. h3 Bxf3 18. Bxf3 b5 19. Qa5 Nd7 20. c4 bxc4 21. Rb7 Qd8 22. Qc7 Qxc7 23. Rxc7 Nb6 24. Rxc6 Rac8 25. Rc5 Rfd8 26. Rc1 Rxc5 27. dxc5 Nc8 28. Kf1 Ne7 29. Ke2 Kf8 30. Rb1 Ke8 31. Bg4 g6 32. f4 h5 33. Bf3 Rc8 34. Rb5 Kd7 35. Kd2 a6 36. Ra5 Ra8 37. Kc3 Ra7 38. Bd1 h4 39. Ba4+ Nc6 40. Bxc6+ Kxc6 41. Kd4 Ra8 42. Ra3 Kb5 43. Rf3 Rc8 44. a4+ Kxa4 45. Rf1 Kb3 46. Rb1+ Kc2 47. Rf1 Kb3 48. Rb1+ Kc2 49. Rf1 1/2-1/2

[Event "Beer Sheva"]
[Site "Beer Sheva"]
[Date "1982.??.??"]
[Round "13"]
[White "Murrey, Jacob"]
[Black "Reshevsky, Samuel Herman"]
[Result "1/2-1/2"]
[WhiteElo "2475"]
[BlackElo "2500"]
[PlyCount "108"]
[EventDate "1982.03.??"]
[Source "www.chesslib.no"]
[SourceDate "2004.05.04"]

1. c4 Nf6 2. Nc3 e6 3. e4 d5 4. cxd5 exd5 5. e5 Ne4 6. Nf3 Nc6 7. Bb5 Nxc3 8. dxc3 Be7 9. Nd4 Bd7 10. Nxc6 bxc6 11. Bd3 O-O 12. Qc2 h6 13. O-O f6 14. Bf4 fxe5 15. Bxe5 Bf6 16. Bg3 Bh4 17. Be5 Bf6 18. Rae1 Bxe5 19. Rxe5 Qf6 20. f4 Qd6 21. g3 Rae8 22. Rfe1 Rxe5 23. Rxe5 Re8 24. Rxe8+ Bxe8 25. Qa4 Qe6 26. Qxa7 Qe1+ 27. Bf1 Bd7 28. Qf2 Qb1 29. Kg2 Qe4+ 30. Kg1 Qb1 31. a4 Bh3 32. a5 Bxf1 33. Qxf1 Qxb2 34. Qe1 Kf8 35. Qe6 Qxc3 36. Qc8+ Kf7 37. Qxc7+ Kg8 38. Kg2 Qc2+ 39. Kh3 Qf5+ 40. g4 Qd3+ 41. Kh4 Qe2 42. Qc8+ Kh7 43. Qf5+ Kg8 44. Kh5 d4 45. h4 Qe8+ 46. Qg6 Qd7 47. a6 d3 48. a7 Qxa7 49. Qe8+ Kh7 50. g5 hxg5 51. hxg5 Qa5 52. Qe4+ Kg8 53. Qxd3 Qd5 54. Qc2 Qf3+ 1/2-1/2

[Event "CRO-chT"]
[Site "Pula"]
[Date "2000.09.19"]
[Round "9"]
[White "Kovacevic, Blazimir"]
[Black "Dizdar, Goran"]
[Result "1/2-1/2"]
[WhiteElo "2443"]
[BlackElo "2526"]
[PlyCount "71"]
[EventDate "2000.09.??"]
[Source "www.chesslib.no"]
[SourceDate "2004.05.04"]

1. c4 Nf6 2. Nc3 e6 3. e4 d5 4. cxd5 exd5 5. e5 Ne4 6. d4 Be7 7. Bd3 Bf5 8. Bxe4 Bxe4 9. Nxe4 dxe4 10. Ne2 Nc6 11. O-O Qd5 12. Be3 O-O-O 13. Nc3 Qc4 14. Qg4+ Kb8 15. Rad1 Nxd4 16. Bxd4 Rxd4 17. Rxd4 Qxd4 18. Qxg7 Rd8 19. Qxh7 e3 20. Qxf7 Bc5 21. fxe3 Qxe3+ 22. Kh1 Qxe5 23. Qf3 a6 24. g3 Rf8 25. Qe2 Rxf1+ 26. Qxf1 Bd4 27. Qd3 c5 28. Kg2 b5 29. Qf3 b4 30. Nd5 Bxb2 31. Qf8+ Kb7 32. Qxc5 Qe4+ 33. Kh3 Qf5+ 34. Kg2 Qe4+ 35. Kh3 Qf5+ 36. Kg2 1/2-1/2

[Event "Kstovo Open"]
[Site "Kstovo RUS"]
[Date "1994.??.??"]
[Round "4"]
[White "Serper, Grigory"]
[Black "Skomorokhin, Roman"]
[Result "1-0"]
[WhiteElo "2560"]
[BlackElo "2395"]
[PlyCount "52"]
[EventDate "1994.08.??"]
[Source "www.chesslib.no"]
[SourceDate "2004.05.04"]

1. c4 Nf6 2. Nc3 e6 3. e4 d5 4. cxd5 exd5 5. e5 Ne4 6. Nf3 Nc6 7. Bb5 Be7 8. Qa4 Nxc3 9. Bxc6+ bxc6 10. Qxc6+ Bd7 11. Qxc3 c5 12. d4 cxd4 13. Nxd4 Rc8 14. Qe3 Qb6 15. O-O Bc5 16. Rd1 O-O 17. Qf4 f6 18. Be3 Rce8 19. exf6 Rxf6 20. Qg5 Qd6 21. Nc2 Rf5 22. Qg3 Qb6 23. b4 Bxe3 24. Nxe3 Rfe5 25. Nxd5 Qd6 26. Ne3 Qe7 1-0

[Event "Marseille"]
[Site "Marseille"]
[Date "1987.??.??"]
[Round "?"]
[White "Murrey, Jacob"]
[Black "Sharif, Mershad"]
[Result "1-0"]
[WhiteElo "2505"]
[BlackElo "2440"]
[PlyCount "131"]
[EventDate "1987.07.??"]
[Source "www.chesslib.no"]
[SourceDate "2004.05.04"]

1. c4 Nf6 2. Nc3 e6 3. e4 d5 4. cxd5 exd5 5. e5 Ne4 6. Nf3 Bf5 7. Qb3 Nc5 8. Qxd5 Nc6 9. d4 Nb4 10. Qxd8+ Rxd8 11. Bg5 Nc2+ 12. Kd2 Rd7 13. Rd1 Nxd4 14. Nxd4 Rxd4+ 15. Kc1 Rxd1+ 16. Kxd1 Be7 17. Bxe7 Kxe7 18. Kd2 Rd8+ 19. Ke3 g5 20. h4 h6 21. hxg5 hxg5 22. Bc4 c6 23. Rh5 Bd3 24. Bxd3 Nxd3 25. Rxg5 Nxb2 26. Ne4 Nc4+ 27. Kf4 Rd5 28. Rf5 Rd1 29. f3 a5 30. g4 a4 31. Kg3 Ne3 32. Nd6 Ke6 33. Rh5 Rd2 34. Nxb7 Rg2+ 35. Kf4 Nd5+ 36. Ke4 Re2+ 37. Kd4 Rd2+ 38. Kc4 Rc2+ 39. Kd3 Nb4+ 40. Kd4 Rxa2 41. Nc5+ Ke7 42. Rh7 Kf8 43. e6 fxe6 44. Rb7 Nd5 45. Nxe6+ Ke8 46. Ke5 a3 47. g5 Re2+ 48. Kd6 a2 49. g6 Rxe6+ 50. Kxe6 Nf4+ 51. Kd6 Nxg6 52. Ra7 a1=Q 53. Rxa1 Kf7 54. Kc5 Ke6 55. Kd4 Kf5 56. Ke3 Nf4 57. Rc1 Nd5+ 58. Kf2 Ne7 59. Kg3 Ke5 60. Kg4 Kd4 61. f4 c5 62. Rd1+ Kc3 63. Rd7 Ng6 64. Kg5 Nf8 65. Rd6 c4 66. f5 1-0

[Event "Sukhumi"]
[Site "Sukhumi"]
[Date "1972.08.24"]
[Round "7"]
[White "Murey, Jacob"]
[Black "Kholmov, Ratmir D"]
[Result "1/2-1/2"]
[WhiteElo "2380"]
[BlackElo "2550"]
[PlyCount "93"]
[EventDate "1972.??.??"]
[Source "www.chesslib.no"]
[SourceDate "2004.05.04"]

1. c4 Nf6 2. Nc3 e6 3. e4 d5 4. cxd5 exd5 5. e5 Ne4 6. Nf3 Nc6 7. Bb5 Be7 8. Nd4 Nxc3 9. dxc3 Bd7 10. Nxc6 bxc6 11. Bd3 O-O 12. Qc2 g6 13. Bh6 Re8 14. O-O Bc5 15. Rae1 Rb8 16. b4 Bf8 17. Bxf8 Kxf8 18. f4 f5 19. g4 fxg4 20. f5 gxf5 21. Bxf5 Bxf5 22. Qxf5+ Kg8 23. Qxg4+ Kh8 24. Qd4 Re6 25. Kh1 Qg5 26. Qxa7 Rg8 27. Rg1 Qf5 28. Rxg8+ Kxg8 29. Qe3 Kf7 30. a4 c5 31. bxc5 Ra6 32. e6+ Ke8 33. Qe2 Ra5 34. e7 Qe4+ 35. Qxe4 dxe4 36. Ra1 Kxe7 37. Kg2 Kd7 38. Kf2 Rxc5 39. a5 Rxc3 40. a6 Rf3+ 41. Ke2 Rf8 42. Ke3 Re8 43. a7 Ra8 44. Kxe4 Kc6 45. Ra3 Kb7 46. Rh3 Kxa7 47. Rxh7 1/2-1/2

[Event "Balatonlelle HUN"]
[Site "?"]
[Date "2006.06.19"]
[Round "3.3"]
[White "Varga Zoltan"]
[Black "Videki Sandor"]
[Result "0-1"]
[WhiteElo "2515"]
[BlackElo "2414"]
[PlyCount "75"]
[EventDate "2006.??.??"]
[Source "www.chesslib.no"]
[SourceDate "2004.05.04"]

1. c4 Nf6 2. Nc3 e6 3. e4 d5 4. cxd5 exd5 5. e5 Ne4 6. Nf3 Nc6 7. Bb5 Be7 8. Qa4 Nxc3 9. Bxc6+ bxc6 10. Qxc6+ Bd7 11. Qxc3 c5 12. d4 Qb6 13. O-O O-O 14. dxc5 Bxc5 15. Be3 Bxe3 16. Qxe3 Qxb2 17. Rfb1 Qc2 18. Rb7 Bg4 19. Nd4 Qc8 20. Rab1 h6 21. R1b3 a5 22. h4 Ra6 23. e6 Bxe6 24. Qe5 Kh8 25. Kh2 Qd8 26. Kg3 Bc8 27. Re7 Rg6+ 28. Kh2 f6 29. Qc7 Qxc7+ 30. Rxc7 Rg4 31. Nf3 Bf5 32. g3 Rc4 33. Ra7 a4 34. Rbb7 Rg8 35. h5 Be4 36. Nh4 Kh7 37. f3 Bd3 38. Kh3 0-1

[Event "New York USA"]
[Site "?"]
[Date "1980.05.13"]
[Round "3"]
[White "Piasetski Leon David"]
[Black "Mednis Edmar John"]
[Result "1/2-1/2"]
[WhiteElo "2420"]
[BlackElo "2485"]
[PlyCount "35"]
[EventDate "1980.??.??"]
[Source "www.chesslib.no"]
[SourceDate "2004.05.04"]

1. c4 Nf6 2. Nc3 e6 3. e4 d5 4. cxd5 exd5 5. e5 Ne4 6. Nf3 Bf5 7. Qb3 Nc5 8. Qxd5 Nc6 9. Bc4 Nd3+ 10. Kf1 Qxd5 11. Nxd5 O-O-O 12. Ne3 Ndxe5 13. Nxf5 Nxc4 14. b3 Nd6 15. Ne3 Ne4 16. Ke2 f6 17. Bb2 Bb4 18. Rhd1 1/2-1/2

[Event "Olimpiadi 2008 - open"]
[Site "Dresda GER"]
[Date "2008.11.16"]
[Round "4"]
[White "Cicak, S."]
[Black "Yarmonov, I."]
[Result "1-0"]
[WhiteElo "2564"]
[BlackElo "2322"]
[PlyCount "47"]
[EventDate "2008.11.13"]
[Source "www.chesslib.no"]
[SourceDate "2004.05.04"]

1. c4 Nf6 2. Nc3 e6 3. e4 d5 4. cxd5 exd5 5. e5 Nfd7 6. d4 Nb6 7. Be3 Be7 8. Bd3 N8d7 9. Nge2 O-O 10. Nf4 c6 11. Qc2 g6 12. h4 Nc4 13. O-O-O Nxe3 14. fxe3 Bxh4 15. g3 Bg5 16. Bxg6 fxg6 17. Rxh7 Nxe5 18. dxe5 Bf5 19. Qh2 Qb6 20. Rh8+ Kf7 21. Qh7+ Ke8 22. Rxf8+ Kxf8 23. Nxg6+ Bxg6 24. Rf1+ 1-0

[Event "Soviet Union"]
[Site "Soviet Union"]
[Date "1979.??.??"]
[Round "?"]
[White "Katalymov, Boris N"]
[Black "Zhidkov, Valery S"]
[Result "0-1"]
[WhiteElo "2460"]
[BlackElo "2420"]
[PlyCount "80"]
[EventDate "1979.??.??"]
[Source "www.chesslib.no"]
[SourceDate "2004.05.04"]

1. c4 Nf6 2. Nc3 e6 3. e4 e5 4. g3 Bc5 5. Bg2 d6 6. Nge2 Nc6 7. a3 a5 8. O-O h5 9. d3 Ng4 10. h4 Be6 11. Rb1 O-O 12. Nd5 a4 13. Nec3 f5 14. Bg5 Qd7 15. Nxa4 Bxf2+ 16. Rxf2 Nxf2 17. Kxf2 fxe4+ 18. Kg1 Bg4 19. Qb3 Nd4 20. Qxb7 Nf3+ 21. Kh1 Nxg5 22. Nab6 cxb6 23. Qxd7 Bxd7 24. hxg5 exd3 25. Rd1 e4 26. Bxe4 Rae8 27. Bg2 Rf2 28. Rxd3 Re1+ 29. Kh2 Rxb2 30. g6 Bf5 31. Nf4 Bxd3 32. Nxd3 Ree2 33. Nxb2 Rxb2 34. Kh3 Kf8 35. Bc6 Ke7 36. Kh4 Rb3 37. a4 Kf6 38. Be8 Re3 39. Bf7 Kf5 40. Kxh5 Rxg3 0-1

[Event "CZE-chT 9798"]
[Site "CZE"]
[Date "1998.03.08"]
[Round "9"]
[White "Hausner, Ivan"]
[Black "Oral, Tomas"]
[Result "0-1"]
[WhiteElo "2415"]
[BlackElo "2455"]
[PlyCount "96"]
[EventDate "1997.??.??"]
[Source "www.chesslib.no"]
[SourceDate "2004.05.04"]

1. c4 Nf6 2. Nc3 e6 3. e4 d5 4. cxd5 exd5 5. e5 Ne4 6. Nxe4 dxe4 7. Qa4+ Nc6 8. Qxe4 Qd4 9. Qxd4 Nxd4 10. Bd3 Bc5 11. Ne2 Nxe2 12. Kxe2 Bd4 13. Re1 Be6 14. Kf1 Bd5 15. Be4 Bxe4 16. Rxe4 O-O-O 17. d3 Rd5 18. f4 Rhd8 19. Rb1 f5 20. Re2 Bb6 21. Be3 Rxd3 22. Bxb6 axb6 23. Rc1 R8d4 24. g3 c6 25. Kf2 h6 26. h4 Kd7 27. h5 Ra4 28. a3 Rad4 29. Rcc2 Ke6 30. Re3 Rd1 31. Re1 R1d3 32. Re3 Rd1 33. Re1 R4d3 34. Rce2 Rxe1 35. Rxe1 Rb3 36. Re2 Kf7 37. Rd2 Ke7 38. Kg2 b5 39. Rc2 Ke6 40. Rd2 Ke7 41. Rc2 b4 42. axb4 Rxb4 43. Kh3 Ke6 44. Rd2 c5 45. Rd6+ Ke7 46. Rd2 c4 47. Kg2 Rb3 48. Kf2 b5 0-1

[Event "Oberwart Open"]
[Site "Oberwart AUT"]
[Date "1991.??.??"]
[Round "?"]
[White "Arkhipov, Sergey"]
[Black "Nikolic, Goran"]
[Result "1-0"]
[WhiteElo "2500"]
[BlackElo "2365"]
[PlyCount "69"]
[EventDate "1991.07.??"]
[Source "www.chesslib.no"]
[SourceDate "2004.05.04"]

1. c4 Nf6 2. Nc3 e6 3. e4 d5 4. cxd5 exd5 5. e5 d4 6. exf6 dxc3 7. Qe2+ Be6 8. dxc3 Qxf6 9. Qb5+ Nd7 10. Nf3 Qe7 11. Be2 Rb8 12. O-O Qc5 13. Nd4 c6 14. Nxe6 fxe6 15. Qb3 Qe5 16. Bg4 Nc5 17. Qc4 Bd6 18. g3 b5 19. Qd4 Kf7 20. Qxe5 Bxe5 21. Be3 Nd3 22. Rad1 Rbd8 23. Rd2 Bf6 24. f4 e5 25. Bh5+ Ke6 26. f5+ Ke7 27. Bf3 c5 28. Rfd1 c4 29. Be4 Nxb2 30. Bc5+ Kf7 31. Rd7+ Rxd7 32. Rxd7+ Ke8 33. Rxa7 Na4 34. Bb4 g6 35. Bc6+ 1-0

[Event "Tch (Men) 2005/2006 CZE"]
[Site "?"]
[Date "2006.01.14"]
[Round "7"]
[White "Velicka Petr"]
[Black "Jackova Jana"]
[Result "1-0"]
[WhiteElo "2464"]
[BlackElo "2396"]
[PlyCount "107"]
[EventDate "2006.??.??"]
[Source "www.chesslib.no"]
[SourceDate "2004.05.04"]

1. c4 Nf6 2. Nc3 e6 3. e4 b6 4. e5 Ng8 5. d4 Bb7 6. Nf3 Bb4 7. Bd3 f5 8. O-O Nh6 9. Bg5 Be7 10. Bxe7 Qxe7 11. d5 Nf7 12. Re1 O-O 13. Qd2 a5 14. Rad1 Na6 15. Nd4 Nc5 16. Bc2 Rae8 17. a3 Qd8 18. f4 Qa8 19. Ndb5 Na6 20. Qf2 Rc8 21. Nd4 Rfe8 22. Ndb5 Rf8 23. Nd4 Rce8 24. Nf3 Qb8 25. Nb5 Nc5 26. b4 axb4 27. axb4 Na6 28. Qd2 c6 29. dxe6 dxe6 30. Nd6 Rd8 31. Ng5 Nxg5 32. fxg5 c5 33. b5 Nb4 34. Ra1 Nxc2 35. Qxc2 Rd7 36. Rf1 Rfd8 37. Rfd1 Rf8 38. Qc1 Ba8 39. Ra3 Ra7 40. Qa1 Rxa3 41. Qxa3 Qd8 42. Qg3 Qe7 43. Ra1 Be4 44. Qe3 Ba8 45. Qf4 Rb8 46. h4 g6 47. g3 Qg7 48. Ra6 Qf8 49. Ra7 Rd8 50. Qc1 Be4 51. Qa1 Bf3 52. Kf2 Bg4 53. Ke3 Bh3 54. Rf7 1-0

[Event "Pardubice Open"]
[Site "Pardubice CZE"]
[Date "1994.??.??"]
[Round "7"]
[White "Reinderman, Dimitri"]
[Black "Votava, Jan"]
[Result "0-1"]
[WhiteElo "2430"]
[BlackElo "2410"]
[PlyCount "120"]
[EventDate "1994.07.??"]
[Source "www.chesslib.no"]
[SourceDate "2004.05.04"]

1. c4 e6 2. Nc3 Nf6 3. e4 Nc6 4. Nf3 d5 5. e5 Ne4 6. Qc2 Nb4 7. Qb1 Ng5 8. Nxg5 Qxg5 9. d4 Qg6 10. Qxg6 hxg6 11. Kd1 Bd7 12. a3 Nc6 13. Be3 O-O-O 14. cxd5 exd5 15. f4 Bf5 16. Ke1 f6 17. Rd1 g5 18. exf6 gxf6 19. Bd3 Bxd3 20. Rxd3 g4 21. Ne2 Rd7 22. Bd2 Rdh7 23. h3 Kd7 24. Kf2 Bd6 25. Kg3 Rh4 26. Kh2 gxh3 27. gxh3 Ne7 28. Rf1 Nf5 29. Be1 R4h7 30. Bb4 Bxb4 31. axb4 a6 32. Rg1 c6 33. Rg2 Ke6 34. Rg1 Re7 35. Rg2 Rhe8 36. Ng3 Nxg3 37. Rdxg3 Kf5 38. h4 Rh8 39. Rg4 Rhh7 40. Kh3 Re3+ 41. R2g3 Re1 42. Rg1 Ree7 43. R1g2 b5 44. Rc2 Re6 45. Rc3 Rh8 46. b3 Rh7 47. Rgg3 Re4 48. Rgf3 Rc7 49. Rcd3 Rc8 50. Rd2 Re1 51. Rff2 Re3+ 52. Kh2 Rxb3 53. Rb2 Rc3 54. Rbc2 Rc4 55. Kg3 Rxd4 56. h5 Rg8+ 57. Kh4 Rg4+ 58. Kh3 Rc4 59. Rxc4 bxc4 60. Rg2 Rxg2 0-1

[Event "DSV-Turnier"]
[Site "Berlin East"]
[Date "1982.??.??"]
[Round "6"]
[White "Vera, Reynaldo"]
[Black "Pokojowczyk, Jerzy"]
[Result "1-0"]
[WhiteElo "2410"]
[BlackElo "2420"]
[PlyCount "71"]
[EventDate "1982.10.??"]
[Source "ChessBase"]

1. c4 Nf6 2. Nc3 e6 3. e4 d6 4. d4 Be7 5. Nf3 O-O 6. Be2 d5 7. e5 Ne4 8. Qc2 f5 9. exf6 Nxf6 10. Bg5 Nc6 11. Rd1 h6 12. Bh4 b6 13. O-O Bb7 14. Ne5 Nxe5 15. dxe5 Ne4 16. Nxe4 Bxh4 17. Nc3 c6 18. g3 Bg5 19. h4 Be7 20. Qg6 Qe8 21. Qxe6+ Kh8 22. cxd5 Bc8 23. Qxc6 Bd7 24. Qc4 Rc8 25. Qe4 Bf5 26. Qg2 Bc5 27. e6 Qg6 28. Kh2 Qf6 29. Bd3 Bg4 30. Qe4 Qxf2+ 31. Rxf2 Rxf2+ 32. Kh1 Bf3+ 33. Qxf3 Rxf3 34. Ne4 Rd8 35. Nxc5 Rxd5 36. e7 1-0

[Event "Belgrade GMA-op"]
[Site "?"]
[Date "1988.??.??"]
[Round "?"]
[White "Ljubisavljevic, Z."]
[Black "Panchenko, A."]
[Result "1/2-1/2"]
[WhiteElo "2355"]
[BlackElo "2475"]
[PlyCount "130"]
[EventDate "1988.??.??"]
[Source "www.chesslib.no"]
[SourceDate "2004.05.04"]

1. c4 Nf6 2. Nc3 e6 3. e4 d5 4. cxd5 exd5 5. e5 Ne4 6. Nxe4 dxe4 7. Qa4+ Nc6 8. Qxe4 Qd4 9. Qxd4 Nxd4 10. Bd3 Bg4 11. f3 Bh5 12. Ne2 Bc5 13. b4 Bb6 14. Bb2 O-O-O 15. Nxd4 Bxd4 16. Bf5+ Kb8 17. O-O-O Bg6 18. Bxg6 hxg6 19. h3 Rh4 20. Bc3 Kc8 21. Rhe1 Bxc3 22. dxc3 Rxd1+ 23. Rxd1 Rh5 24. f4 Rf5 25. Rd4 g5 26. g3 gxf4 27. Rxf4 Rxe5 28. Rxf7 Rg5 29. g4 Rg6 30. a4 Rh6 31. Rxg7 Rxh3 32. Kb2 b6 33. Kb3 Rg3 34. Kc4 Kb7 35. a5 bxa5 36. bxa5 Rg1 37. Rg5 Ka6 38. Kd4 Rg3 39. c4 Rg1 40. Ke3 Re1+ 41. Kf3 Rf1+ 42. Kg3 Kb7 43. Rc5 Kc8 44. Rd5 Rc1 45. Rd4 c5 46. Re4 Kb7 47. g5 Rg1+ 48. Kf4 Ka6 49. Kf5 Kxa5 50. g6 Kb4 51. Rg4 Rf1+ 52. Kg5 Rf8 53. g7 Rg8 54. Kf6 a5 55. Kf7 Ra8 56. g8=Q Rxg8 57. Rxg8 Kxc4 58. Ke6 a4 59. Rg4+ Kb3 60. Kd5 a3 61. Rg3+ Kb2 62. Kc4 a2 63. Rg2+ Ka3 64. Rg3+ Kb2 65. Rb3+ Kc2 1/2-1/2

[Event "Stary Smokovec"]
[Site "Stary Smokovec"]
[Date "1972.??.??"]
[Round "13"]
[White "Pribyl, Josef"]
[Black "Fichtl, Jiri"]
[Result "1-0"]
[WhiteElo "2435"]
[BlackElo "2385"]
[PlyCount "95"]
[EventDate "1972.??.??"]
[Source "ChessBase"]

1. c4 Nf6 2. Nc3 e6 3. e4 d5 4. cxd5 exd5 5. e5 Ne4 6. d4 Nxc3 7. bxc3 c5 8. Bd3 cxd4 9. cxd4 Nc6 10. Ne2 Bb4+ 11. Bd2 Bxd2+ 12. Qxd2 f6 13. f4 O-O 14. O-O f5 15. Rab1 Rf7 16. g4 Ne7 17. Ng3 g6 18. gxf5 Nxf5 19. Bxf5 Bxf5 20. Nxf5 gxf5 21. Kh1 Qd7 22. Rg1+ Kh8 23. Qg2 b6 24. Rb3 Rg7 25. Qxg7+ Qxg7 26. Rxg7 Kxg7 27. Rc3 Kf7 28. Rc7+ Ke6 29. Kg2 Rg8+ 30. Kf3 Rg1 31. Rxh7 Rf1+ 32. Kg3 Rd1 33. Kh4 Rg1 34. h3 Rg2 35. a3 Ra2 36. Rh6+ Ke7 37. Kg5 Rxa3 38. Kxf5 b5 39. Rh7+ Kd8 40. e6 b4 41. Rd7+ Ke8 42. Rb7 Rxh3 43. Rxb4 a5 44. Rb7 a4 45. Kf6 Rh6+ 46. Ke5 Rh3 47. f5 Rb3 48. Ra7 1-0

[Event "GMA qual"]
[Site "Belgorod RUS"]
[Date "1989.??.??"]
[Round "?"]
[White "Arkhipov, Sergey"]
[Black "Zagrebelny, Sergey"]
[Result "1/2-1/2"]
[WhiteElo "2465"]
[BlackElo "2345"]
[PlyCount "55"]
[EventDate "1989.??.??"]
[Source "www.chesslib.no"]
[SourceDate "2004.05.04"]

1. c4 Nf6 2. Nc3 e6 3. e4 d5 4. cxd5 exd5 5. e5 d4 6. exf6 dxc3 7. Qa4+ Nc6 8. Qe4+ Be6 9. dxc3 Qxf6 10. Nf3 Qf5 11. Qxf5 Bxf5 12. Bb5 O-O-O 13. O-O Bd3 14. Bxd3 Rxd3 15. Be3 Be7 16. Rfd1 Rxd1+ 17. Rxd1 Rd8 18. Rxd8+ Kxd8 19. Kf1 Kd7 20. Ke2 f5 21. Kd3 a6 22. h3 Bf6 23. Bg5 Bxg5 24. Nxg5 h6 25. Nf3 Kd6 26. Ke3 Ne5 27. Nxe5 Kxe5 28. f4+ 1/2-1/2

[Event "FRA Ch"]
[Site "Toulouse FRA"]
[Date "1995.??.??"]
[Round "10"]
[White "Luce, Sebastien"]
[Black "Lepelletier, Benoit"]
[Result "0-1"]
[WhiteElo "2410"]
[BlackElo "2385"]
[PlyCount "84"]
[EventDate "1995.08.??"]
[Source "www.chesslib.no"]
[SourceDate "2004.05.04"]

1. c4 Nf6 2. Nc3 e6 3. e4 d5 4. cxd5 exd5 5. e5 Ne4 6. Nf3 Nc6 7. Bb5 Nxc3 8. dxc3 Be7 9. Nd4 Bd7 10. Nxc6 bxc6 11. Bd3 O-O 12. Qc2 g6 13. Bh6 Re8 14. f4 Bc5 15. h4 Bg4 16. Kd2 Bf8 17. Bg5 Be7 18. Rae1 c5 19. Kc1 c4 20. Be2 Bf5 21. Qd1 c6 22. g4 Be4 23. Bf3 Bd3 24. Be2 Be4 25. Bxe7 Rxe7 26. Rh2 Qa5 27. Bxc4 dxc4 28. Rxe4 Qxa2 29. Rd4 Rb7 30. Rc2 Rab8 31. Rd8+ Kg7 32. Rxb8 Rxb8 33. Qd6 Qa1+ 34. Kd2 Re8 35. Ke2 Qg1 36. Kf3 Qh1+ 37. Kg3 Qe1+ 38. Kf3 Qxh4 39. Qd1 Rd8 40. Rd2 Qh3+ 41. Ke4 Rxd2 42. Qxd2 Qxg4 0-1

[Event "WYb18"]
[Site "Kemer TUR"]
[Date "2007.11.20"]
[Round "3"]
[White "Polyakov, M."]
[Black "Rohit, G."]
[Result "1/2-1/2"]
[WhiteElo "2296"]
[BlackElo "2491"]
[PlyCount "29"]
[EventDate "2007.11.18"]
[Source "www.chesslib.no"]
[SourceDate "2004.05.04"]

1. e4 Nf6 2. c4 e6 3. Nc3 Bb4 4. g3 d5 5. Bg2 O-O 6. Nf3 dxc4 7. O-O Nc6 8. Qa4 Nd5 9. Qc2 Be7 10. Rd1 Rb8 11. Ne5 Nxe5 12. exd5 c6 13. Qa4 b5 14. Qxa7 Rb7 15. Qa4 1/2-1/2

[Event "Kecskemet"]
[Site "Kecskemet"]
[Date "1993.??.??"]
[Round "11"]
[White "Vaulin, Alexander"]
[Black "Stajcic, Nikola"]
[Result "1-0"]
[WhiteElo "2515"]
[BlackElo "2270"]
[PlyCount "104"]
[EventDate "1993.02.??"]
[Source "ChessBase"]

1. c4 Nf6 2. Nc3 e6 3. e4 d5 4. cxd5 exd5 5. e5 d4 6. exf6 dxc3 7. dxc3 Qxf6 8. Nf3 h6 9. Qd4 Qxd4 10. Nxd4 a6 11. Bf4 c5 12. Nb3 Nc6 13. Bc4 Be6 14. Bxe6 fxe6 15. O-O-O Rd8 16. Rde1 Kf7 17. Re4 b5 18. Rhe1 Re8 19. Bg3 g5 20. c4 Rg8 21. f3 Rg6 22. a3 Rf6 23. Kb1 Rf5 24. h3 Kf6 25. Kc2 Kf7 26. Bh2 Rf6 27. Rd1 Rd8 28. Rxd8 Nxd8 29. Na5 Ke8 30. Re3 Rf7 31. Rb3 b4 32. axb4 cxb4 33. Rd3 h5 34. Kb3 Bc5 35. Ka4 Bf8 36. Bg3 Rf5 37. Bc7 Nf7 38. Nb3 Ne5 39. Rd8+ Kf7 40. Nd4 Nxc4 41. Nxf5 exf5 42. Kb3 Ne3 43. Rd2 Bc5 44. h4 Kg6 45. hxg5 Kxg5 46. g3 Kf6 47. Bf4 Nf1 48. Re2 Kg6 49. Kc4 Ba7 50. Kd3 a5 51. b3 Kf6 52. Rg2 Bc5 1-0

[Event "Moscow RUS"]
[Site "?"]
[Date "2006.02.08"]
[Round "2"]
[White "Shuraev Andrei"]
[Black "Reutsky Sergei"]
[Result "1-0"]
[WhiteElo "2390"]
[BlackElo "2380"]
[PlyCount "51"]
[EventDate "2006.??.??"]
[Source "www.chesslib.no"]
[SourceDate "2004.05.04"]

1. c4 Nf6 2. Nc3 e6 3. e4 d6 4. d4 Be7 5. Nf3 O-O 6. g3 c5 7. Bg2 cxd4 8. Nxd4 a6 9. O-O Qc7 10. Be3 Bd7 11. Rc1 Nc6 12. Nd5 exd5 13. cxd5 Ng4 14. dxc6 bxc6 15. Nxc6 Bxc6 16. Qxg4 Qb7 17. Bd4 g6 18. Qf4 Rac8 19. h4 f5 20. Qh6 Bf6 21. Bxf6 Rxf6 22. Rxc6 Rxc6 23. exf5 Rxf5 24. Re1 Re5 25. Rxe5 dxe5 26. Bd5+ 1-0